000 00508nam a2200181Ia 4500
005 20250508163915.0
008 008 250505s9999 xx 000 0 hin d
037 _aTextual
040 _aFEDL
_beng
_cFEDL
041 _ahin
_2eng
084 _a954.96, SIN
_qFEDL
100 _aPavan Kumar Singh
_9776740
245 0 _aNepal sanskrit ave prayatan
260 _aLucknow, India
_bNew Royal Book Company
_c2000
300 _a168p.
942 _cTEXL
_h954.96, SIN
999 _c1385904
_d1385904